All Heads of State of the German Democratic Republic - Statistics

General Stats
  • This quiz has been taken 22 times
  • The average score is 4 of 10
Answer Stats
Term Head of State % Correct
1976-1989 Erich Honecker
95%
1960-1973 Walter Ulbricht
76%
1989 Egon Krenz
62%
1949-1960 Wilhelm Pieck
52%
1973-1976 Willi Stoph
43%
1990 Sabine Bergmann-Pohl
24%
1989-1990 Manfred Gerlach
14%
1973 Friedrich Ebert
10%
1949 Johannes Dieckmann
0%
1960 Johannes Dieckmann
0%
No matching quizzes found
Score Distribution
Percent of People with Each Score
Percentile by Number Answered
Your Score History
You have not taken this quiz